1029 1448 1442 1016 1630 1160 1902 1279 1100 1988 1356 1961 1362 1949 1748 1556 1459 1234 1986 1912 1636 1369 1553 1597 1745 1593 1301 1528 1448 1551 1042 1973 1110 1402 1458 1713 1386 1631 1730 1591 1813 1575 1738 1778 1579 1382 1435 1122 1562 1642 1838 1114 1436 1162 1974 1640 1938 1902 1318 1862 1008 1519 1598 1990 1165 1180 1987 1227 1040 1587 1142 1802 1442 1756 1382 1657 1861 1835 1817 1618 1456 1986 1093 1864 1602 1148 1679 1825 1652 1881 1196 1425 1714 1515 1083 1513 1932 1982 1712 BCNSPRNW ULIB Ver.6.0+V

เปลี่ยนเป็นภาษาไทย

Change to English
 แสดงรายละเอียดบรรณานุกรม
  กลับหน้าหลัก

Brief Record : Get Marc (ISO 2709) : E-mail record : QR code < ปิดหน้าต่าง
LEADER : 00000nam 2200000uu 4500
001    13399113532
003     ULIB
008    111124s2552||||th 000 0 tha d
020    ^a9789741085996
090    ^aนว.^bล511ล 2552
100 0  ^aณารา
245 00 ^aเลื่อมมุกลายมังกล/^cณารา
250    ^aพิมพ์ครั้งที่ 1
260    ^aกรุงเทพฯ :^bพิมพ์คำ,^c2552
300    ^a372 หน้า
710 1  ^aพิมพ์คำ
945    ^p250^l0^i16422
995    ^aกัณชพร
999    ^aใช้งานได้ทุกระบบ
รายการนี้ยังไม่มีแท็ก
คุณยังไม่ได้ล็อกอิน คุณสามารถมีกิจกรรมร่วมกับเว็บไซต์ได้ แต่ต้องล็อกอินก่อน ::
  ล็อกอิน

รายการสื่อสารสนเทศ

ลำดับที่ ประเภท เลขเรียก/บาร์โค้ด สถานที่ สถานะ
1. นวนิยาย
นวนิยาย
นว. ล511ล 2552  
  Barcode: 16422
ห้องสมุดวิทยาเขตสวรรค์ประชารักษ์
►นวนิยาย
บนชั้น
  ขอยืม

รายการใกล้เคียง
    ผู้แต่ง [ณารา]

BibComment


ยังไม่เคยถูกคอมเมนท์

คอมเมนท์ทรัพยากรรายการนี้
  คอมเมนท์: เลื่อมมุกลายมังก..


 Copyright 2026. Bcnsprnw @Library